000 00260nam a22001217a 4500
008 170131b xxu||||| |||| 00| 0 eng d
041 _aeng
080 _23RD
_a61
100 _a3
101 _aSHM
245 _aMEDICAL TERMINOLOGY
_cTHIERER, N
942 _2udc
_cBK
999 _c4133
_d4133